000 00475nam a2200181Ia 4500
003 GCL
008 140319s9999 xx 000 0 eng d
040 _aGCL /
_cGCL
082 0 4 _a005.133
_bG R
100 1 _aGABRIEL, GOLDBERG
245 1 0 _aTHE REXX HANDBOOK /
_cGABRIEL, GOLDBERG
260 _a[S.N] :
_bMC GRAW - HILL ،
_c1992
300 _a646 P
650 0 4 _aPROGRAMMING
650 0 4 _aIBM COMPUTERS
650 0 4 _aREXX, COMPUTER PROGRAM LANGUAGE
942 _2ddc
_cBK
999 _c20978
_d20978